Guidance in secondary schools; (Record no. 86981)

MARC details
000 -LEADER
fixed length control field 01145cam a2200229 4500
001 - CONTROL NUMBER
control field sa 68016267
003 - CONTROL NUMBER IDENTIFIER
control field DLC
005 - DATE AND TIME OF LATEST TRANSACTION
control field 20260227112653.0
008 - FIXED-LENGTH DATA ELEMENTS--GENERAL INFORMATION
fixed length control field 700626s1968 ii 000 0 eng
010 ## - LIBRARY OF CONGRESS CONTROL NUMBER
LC control number sa 68016267
025 ## - OVERSEAS ACQUISITION NUMBER
Overseas acquisition number PL480:I-E-10696
040 ## - CATALOGING SOURCE
Original cataloging agency DLC
Transcribing agency DLC
Modifying agency DLC
050 00 - LIBRARY OF CONGRESS CALL NUMBER
Classification number LB1620.5
Item number .M43
100 1# - MAIN ENTRY--PERSONAL NAME
Personal name Mehdi, Baqer.
245 10 - TITLE STATEMENT
Title Guidance in secondary schools;
Remainder of title a report of the careers masters' course held at the Central Institute of Education.
Statement of responsibility, etc. Edited by Baqer Mehdi.
260 ## - PUBLICATION, DISTRIBUTION, ETC.
Place of publication, distribution, etc. Delhi,
Name of publisher, distributor, etc. Dept. of Extension Services, Central Institute of Education, National Institute of Education, National Council of Educational Research and Training,
Date of publication, distribution, etc. 1968.
300 ## - PHYSICAL DESCRIPTION
Extent iii, 96 p.
Dimensions 25 cm.
500 ## - GENERAL NOTE
General note "Based mainly on the work done during the three-week course for careers masters organised by the Extension Services Dept., Central Institute of Education, from 19th June to 6th July, 1967 at the instance of the State Bureau of Education."
650 #0 - SUBJECT ADDED ENTRY--TOPICAL TERM
Topical term or geographic name entry element Counseling in secondary education
Geographic subdivision India.
710 2# - ADDED ENTRY--CORPORATE NAME
Corporate name or jurisdiction name as entry element Central Institute of Education.
710 2# - ADDED ENTRY--CORPORATE NAME
Corporate name or jurisdiction name as entry element Central Institute of Education.
Subordinate unit Department of Extension Services.

No items available.

Powered by Koha